000 00706nam a2200229 a 4500
999 _c5080
_d5080
001 5080
003 BD-JhCC
005 20171207193424.0
008 171207s1968 bg |||| || | 000 0 ben d
035 _a(BD-JhCC)5080
040 _aBD-JhCC
_dBD-JhCC
041 _aben
082 _a891.4415
_bLON 1968
100 _aফেলো, লং
245 _aলং ফেলোর নির্বাচিত কবিতা /
_cলং ফেলো,
260 _aঢাকা :
_bখোশরোজ কিতাব মহল,
_c1968.
300 _a63 p. :
_c20 cm.
650 _aPoem
700 _aশাহাবুদ্দীন, ফজল (অনুবাদক)
942 _2ddc
_cBK